Normal view
MARC view
- Timperlake, Edward
Entry Personal Name
001 - CONTROL NUMBER
- control field: 82145
003 - CONTROL NUMBER IDENTIFIER
- control field: NUST
005 - DATE AND TIME OF LATEST TRANSACTION
- control field: 20210904152735.0
008 - FIXED-LENGTH DATA ELEMENTS
- fixed length control field: 210904|| aca||aabn | a|a d
040 ## - CATALOGING SOURCE
- Original cataloging agency: NUST
- Transcribing agency: NUST
100 ## - HEADING--PERSONAL NAME
- Personal name: Timperlake, Edward
670 ## - SOURCE DATA FOUND
- Source citation: Work cat.: (NUST)328683: Babbin, Jed L. 82144, Showdown :, 2006.
